| 000 | 00491nam a2200181 a 4500 | ||
|---|---|---|---|
| 005 | 20241109063740.0 | ||
| 008 | 991125s1943 mx 000 0 spa u | ||
| 035 | _aUPN01000052552 | ||
| 049 | _aCG | ||
| 050 | 4 |
_aHX312 _bE2.7 |
|
| 100 | 1 | _aEastman, Max | |
| 245 | 1 | 3 |
_aLa Rusia de Stalin y la crisis del socialismo / _cMax Eastman. |
| 260 |
_aMéxico : _b[s. n.], _c1943. |
||
| 300 | _a291 p. | ||
| 440 | 0 | _aPáginas del siglo XX | |
| 650 | 4 |
_aSocialismo en Rusia _921167 |
|
| 905 | _aLibro | ||
| 999 |
_c52552 _d52552 |
||